| 000 | 00807nam a2200253 a 4500 | ||
|---|---|---|---|
| 005 | 20260326064049.0 | ||
| 008 | 991125s1986 mx 000 0 spa u | ||
| 020 | _a9688377538 | ||
| 035 | _aUPN01000033148 | ||
| 049 | _aF | ||
| 050 | 4 |
_aPN1270 M3 _bno.5 |
|
| 245 | 0 | 0 |
_aJosé Lezama Lima : _bbreve antología / _cselec. y nota introductoria de David Huerta |
| 260 |
_aMéxico : _bUNAM, Coordinación de Difusión Cultural, Dirección de Literatura, _c1986 |
||
| 300 | _a33 p | ||
| 440 | 0 |
_aMaterial de lectura. Poesía moderna; _v5 |
|
| 600 | 1 | 4 |
_aLEZAMA LIMA, JOSE, _d1910-1976 |
| 650 | 4 |
_aPoesía cubana _91227 |
|
| 650 | 4 |
_aPoesía moderna _91291 |
|
| 700 | 1 |
_aHuerta, David, _d1949- _ecomp. _928768 |
|
| 902 | _aCAROLINA | ||
| 902 | _aGUADALUPE SANCHEZ | ||
| 904 |
_aAC _b033149 |
||
| 905 | _aLibro | ||
| 999 |
_c33148 _d33148 |
||